5HLuxD.jpg

KING HENRY VIII SENIOR AND PRIMARY SCHOOL LIBRARY OPAC

The recruit / (Record no. 926)

000 -LEADER
fixed length control field 00870cam a2200301 a 4500
001 - CONTROL NUMBER
control field 15657671
003 - CONTROL NUMBER IDENTIFIER
control field OSt
005 - DATE AND TIME OF LATEST TRANSACTION
control field 20191227085358.0
008 - FIXED-LENGTH DATA ELEMENTS--GENERAL INFORMATION
fixed length control field 090312r20052004nyu d 000 1 eng
010 ## - LIBRARY OF CONGRESS CONTROL NUMBER
LC control number 2004118121
020 ## - INTERNATIONAL STANDARD BOOK NUMBER
International Standard Book Number 9781442413603
040 ## - CATALOGING SOURCE
Original cataloging agency DLC
Transcribing agency DLC
Modifying agency DLC
042 ## - AUTHENTICATION CODE
Authentication code lcac
082 ## - DEWEY DECIMAL CLASSIFICATION NUMBER
Classification number FIC MUC
100 1# - MAIN ENTRY--PERSONAL NAME
Personal name Muchamore, Robert.
Relator term author
245 14 - TITLE STATEMENT
Title The recruit /
Statement of responsibility, etc. Robert Muchamore.
250 ## - EDITION STATEMENT
Edition statement 1st U.S. ed.
260 ## - PUBLICATION, DISTRIBUTION, ETC.
Place of publication, distribution, etc. New York :
Name of publisher, distributor, etc. Simon Pulse,
Date of publication, distribution, etc. 2005
300 ## - PHYSICAL DESCRIPTION
Extent 342 p. ;
Dimensions 19 cm.
490 0# - SERIES STATEMENT
Series statement Cherub
500 ## - GENERAL NOTE
General note "Mission 1"--Cover.
500 ## - GENERAL NOTE
General note "Originally published in Great Britain in 2004 by Hodder Children's Books."--T.p. verso.
650 #1 - SUBJECT ADDED ENTRY--TOPICAL TERM
Topical term or geographic name entry element Spies
Form subdivision Fiction.
650 #1 - SUBJECT ADDED ENTRY--TOPICAL TERM
Topical term or geographic name entry element Adventure and adventurers
Form subdivision Fiction.
650 #1 - SUBJECT ADDED ENTRY--TOPICAL TERM
Topical term or geographic name entry element Orphans
Form subdivision Fiction.
906 ## - LOCAL DATA ELEMENT F, LDF (RLIN)
a 7
b cbc
c orignew
d 2
e ncip
f 20
g y-gencatlg
942 ## - ADDED ENTRY ELEMENTS (KOHA)
Source of classification or shelving scheme
Koha item type Books - Fiction
Holdings
Withdrawn status Lost status Source of classification or shelving scheme Damaged status Not for loan Collection code Permanent Location Current Location Shelving location Date acquired Full call number Barcode Date last seen Price effective from Koha item type
          Fiction KH8 Senior School Library KH8 Senior School Library Fiction 2019-12-27 FIC MUC 3KHSL000101681 2019-12-27 2019-12-27 Books - Fiction

Powered By KH8 IT Dept